000 00455nam a2200169Ia 4500
999 _c28812
_d28812
003 OSt
005 20210104120332.0
008 190216s9999||||xx |||||||||||||| ||und||
040 _coclc
082 _a894.8121
_bSAN/T
100 _aSandhya, B
_97170
245 0 _aTharattu /
_cB Sandhya
260 _bSaindava Books,
_a Kollam
_c2004.
300 _a40p
650 _aKavitha
942 _cBK
_2ddc
_h894.8121
_iSAN/T
_k894.8121
_mSAN/T